|
|
|
|
| LEADER |
00000nam0a2200000 4500 |
| 001 |
165218 |
| 005 |
20231031161649.0 |
| 010 |
|
|
|a 525500278X
|
| 020 |
|
|
|a RU
|b 92-36498
|
| 035 |
|
|
|a (RuTPU)RU\TPU\book\179231
|
| 090 |
|
|
|a 165218
|
| 100 |
|
|
|a 20090916d1992 m a0rusy5003 ca
|
| 101 |
0 |
|
|a rus
|
| 102 |
|
|
|a RU
|
| 105 |
|
|
|a a z 000zy
|
| 200 |
1 |
|
|a Кулинария для всех
|e подарок молодой хозяйке
|f Н. И. Ковалев, В. В. Усов
|
| 210 |
|
|
|a Москва
|c Профиздат
|d 1992
|
| 215 |
|
|
|a 248 с.
|c ил.
|d 20 см
|
| 610 |
1 |
|
|a кулинария
|
| 610 |
1 |
|
|a рецепты
|
| 610 |
1 |
|
|a домашнее хозяйство
|
| 610 |
1 |
|
|a продукты
|
| 610 |
1 |
|
|a хранение
|
| 675 |
|
|
|a 64
|z rus
|
| 700 |
|
1 |
|a Ковалев
|b Н. И.
|g Николай Иванович
|4 070
|
| 701 |
|
1 |
|a Усов
|b В. В.
|g Владимир Васильевич
|4 070
|
| 801 |
|
0 |
|a RU
|b RuMRKP
|c 19950413
|g psbo
|
| 801 |
|
1 |
|a RU
|b 63413507
|c 20090916
|
| 801 |
|
2 |
|a RU
|b 63413507
|c 20100617
|g RCR
|
| 942 |
|
|
|c BK
|